• 首页
  • 本馆介绍
  • 公告通知
  • 最新文献
  • 馆藏检索
  • 电子资源
  • 读者导购
  • 参考咨询
  • 我的图书馆
  • 登录
  • 详细信息显示
  • 放入我的书架
  • 预约/预借图书
  • 作者相关作品
  • 分类相关作品
  • 丛书相关作品
  • 出版社相关作品

书目信息

  • 表格格式
  • 工作单格式
  • 卡片格式
题名:
中国古典园林设计与表现
    
 
作者: 孙锦 编著
分册:  
出版信息: 天津   天津大学出版社  2014.07
页数: 140页
开本: 29cm
丛书名:
单 册:
中图分类: TU986.62
科图分类:
主题词: 古典园林--gu dian yuan lin--园林设计--中国
电子资源:
ISBN: 978-7-5618-5120-3
000 01005nam0 2200265 450
001 0106081845
005 20201106082046.0
010    @a978-7-5618-5120-3@dCNY56.00
100    @a20141114e20202014em y0chiy50 ea
101 0  @achi
102    @aCN@b120000
105    @aa z 000yy
106    @ar
200 1  @a中国古典园林设计与表现@Azhong guo gu dian yuan lin she ji yu biao xian@f孙锦编著
210    @a天津@c天津大学出版社@d2014.07@h2020.01
215    @a140页@c图@d29cm
300    @a高等院校环境艺术设计专业实训教材
312    @a封面英文题名:Design and expression of Chinese traditional gardens
330    @a本书分为四章,分别为中国古典园林发展史浅析、中国园林造园的美学特征与立意、中国园林的“画境”塑造与造园手法、画园林与园林画。
510 1  @aDesign and expression of Chinese traditional gardens@zeng
606 0  @a古典园林@Agu dian yuan lin@x园林设计@y中国
690    @aTU986.62@v5
701  0 @a孙锦@Asun jin@4编著
801  0 @aCN@bBJSZM@c20201106
905    @b1193176-9@dTU986.62@e1669@f4
    
    中国古典园林设计与表现/孙锦编著.-天津:天津大学出版社,2014.07(2020.01)
    140页:图;29cm
    高等院校环境艺术设计专业实训教材
    
    ISBN 978-7-5618-5120-3:CNY56.00
    本书分为四章,分别为中国古典园林发展史浅析、中国园林造园的美学特征与立意、中国园林的“画境”塑造与造园手法、画园林与园林画。
●
相关链接 在E读中查询图书 在五车中查询图书 在当当中查询图书 在豆瓣中查询图书


正题名:中国古典园林设计与表现     索取号:TU986.62/1669         预约/预借

序号 登录号 条形码 馆藏地/架位号 状态 备注
1 1193176   211931766   第二样本阅览室/ [索取号:TU986.62/1669] 在馆    
2 1193177   211931775   第三借阅区/ [索取号:TU986.62/1669] 在馆    
3 1193178   211931784   第三借阅区/ [索取号:TU986.62/1669] 在馆    
4 1193179   211931793   第三借阅区/ [索取号:TU986.62/1669] 在馆    
唐山师范学院图书馆 欢迎您!
大连网信软件有限公司© 版权所有